| 000 | 01179cam a22003255a 4500 | ||
|---|---|---|---|
| 001 | 16171049 | ||
| 005 | 20201128021249.0 | ||
| 008 | 100405t2010 nyu frb 001 0 eng d | ||
| 020 | _a9780393304510 (pbk.) | ||
| 020 | _a0393304515 (pbk.) | ||
| 040 |
_aDLC _cDLC _dYDX _dBTCTA _dYDXCP _dCDX _dVP@ _dQBX _dDEBSZ _dDLC _dEG-ScBUE |
||
| 041 | 1 |
_aeng _hger |
|
| 082 | 0 | 0 |
_a150.1952 _222 _bFRE |
| 100 | 1 |
_aFreud, Sigmund, _d1856-1939 _938048 |
|
| 240 | 1 | 0 |
_aUnbehagen in der Kultur. _lEnglish |
| 245 | 1 | 0 |
_aCivilization and its discontents / _cSigmund Freud ; introduction by Christopher Hitchens ; translated and edited by James Strachey ; biographical afterword by Peter Gay. |
| 260 |
_aNew York ; _aLondon : _bW. W. Norton & Company, _cc.2010. |
||
| 300 |
_a186 p. ; _c21 cm. |
||
| 500 | _aIndex : p. 179-186. | ||
| 504 | _aBibliography : p. 169-177. | ||
| 650 | 0 |
_aCivilization. _2BUEsh |
|
| 651 | _2BUEsh | ||
| 653 |
_bBUSBOL _cMay2015 |
||
| 655 |
_vreading book _934232 |
||
| 650 | 0 |
_9757 _aPsychoanalysis _2BUEsh |
|
| 700 | 1 |
_aStrachey, James, _etranslator. |
|
| 700 | 1 |
_aHitchens, Christopher, _eauthor of introduction, etc. |
|
| 700 | 1 |
_aGay, Peter. _910261 |
|
| 942 | _2ddc | ||
| 999 |
_c19382 _d19354 |
||